000
00288nam a22001217a 4500
008
160507b xxu||||| |||| 00| 0 eng d
020
_a
9780763708375
020
_a
0763708372
041
_a
eng
080
_a
573
245
_a
bBiology understanding life:
_c
Sandra Alters;
942
_2
udc
_c
BK
999
_c
1915
_d
1915